{"text_format":"3","workbook":"xls","n_sheets":2,"sheets":["邳州分公司","巨野分公司"],"read":"whole","date_system":"1900","formulas":"cached_only"}

{"sheet":"邳州分公司","index":0,"n_rows":40,"n_cols":13,"rows_kept":40,"merged":[[0,2,0,11],[1,2,1,11],[2,2,2,11],[17,2,17,11],[18,2,18,11],[19,2,19,11],[23,2,23,11],[24,2,24,11],[25,2,25,11]],"flags":["formulas_cached_only"]}
[null,null,"五金收料统计日报表"]
[null,null,"日期： 2019    年    4  月  10  日                             填表人： 梅瑞雪"]
[null,null,"单位：大力神管桩有限公司"]
[null,"入库单号","品名","规格","数量","单位","单价","金额","供应商名称","联系方式","采购员","检验员","备注"]
[null,"WIN0050117","PPR弯头","φ63",10,"个",5,50,"邳州苏北建材总汇",null,"刘江山","梅瑞雪"]
[null,5427,"吊车费",null,1,"辆",500,500,"现金供应商（闫怀群）",null,"刘江山","冯虎","吊运管模"]
{"$rows_empty":11}
[null,null,"五金收料统计日报表"]
[null,null,"日期： 2019    年    4  月  8  日                             填表人： 梅瑞雪"]
[null,null,"单位：大力神管桩有限公司"]
[null,"入库单号","品名","规格","数量","单位","单价","金额","供应商名称","联系方式","采购员","检验员","备注"]
[null,"WIN0050088","绝缘板",null,1,"张",220,220,"邳州市电料总汇",null,"刘江山","翟帅","1M*2M"]
[]
[null,null,"五金收料统计日报表"]
[null,null,"日期： 2019    年    4  月  9  日                             填表人： 梅瑞雪"]
[null,null,"单位：大力神管桩有限公司"]
[null,"入库单号","品名","规格","数量","单位","单价","金额","供应商名称","联系方式","采购员","检验员","备注"]
[null,"WIN0050103","自喷漆",null,5,"瓶",5,25,"现金（邳州石荣海建材五金）",null,"刘江山","梅瑞雪","匠心，红色"]
[null,null,"切割片","大400",10,"个",10,100,null,null,"刘江山","梅瑞雪","大白鲨"]
[null,"WIN0050104","轴承","6312",27,"个",38,1026,"邳州市农机公司",null,"刘江山","梅瑞雪","洛轴"]
[null,null,"轴承","RN309M",6,"个",34,204,null,null,"刘江山","梅瑞雪","天马轴承"]
[null,null,"皮带","A813",10,"根",3.7,37,null,null,"刘江山","陈亚飞","三力士"]
[null,null,"皮带","A850",10,"根",3.8,38,null,null,"刘江山","陈亚飞","三力士"]
[null,"WIN0050105","丝锥","M18",2,"把",17,34,"现金供应商（邳州市中兴物资经销处）",null,"刘江山","梅瑞雪","特斯，手用丝锥"]
[null,null,"丝锥","M20",2,"把",21,42,null,null,"刘江山","梅瑞雪","特斯，手用丝锥"]
[null,null,"丝锥","M24",2,"把",22,44,null,null,"刘江山","梅瑞雪","汇工，手用丝锥"]
[null,"WIN0050106","单排链条接头","16A",20,"个",1.5,30,"现金供应商（皮带轮。齿轮总汇）",null,"刘江山","陈亚飞"]
[null,null,"单排链条","16A",10,"根",40,400,null,null,"刘江山","陈亚飞"]
[null,"WIN0050107","拖把","大",5,"个",23,115,"现金供应商（王敏针织百货）",null,"刘江山","刘勇","宏瑞，棉纱尘拖"]
[null,"WIN0050108","费用",null,2,"件",37.5,75,"现金供应商（佳吉快运）",null,"刘江山","梅瑞雪","两袋拉丝粉运费"]

{"sheet":"巨野分公司","index":1,"n_rows":56,"n_cols":12,"rows_kept":56,"merged":[[0,0,0,11],[1,0,1,11],[2,0,2,11]],"flags":["formulas_cached_only"]}
["五金收料统计日报表"]
["日期： 2019  年 04月 10日                             填表人： 杨振华"]
["单位：江苏大力神管桩有限公司巨野分公司"]
["入库单号","品名","规格","数量","单位","单价","金额","供应商名称","联系方式","采购员","检验员","备注"]
["WIN008177","小垃圾袋",null,10,"卷",2.5,25,"付长贵",null,"张传朋","甘星允"]
[null,"大垃圾袋",null,4,"包",15,60,"付长贵 ",null,"张传朋","甘星允"]
[null,"平拖布","60#",4,"个",10,40,"付长贵",null,"张传朋","甘星允"]
["WIN008181","交换器网垫","590#软化水设备专用",4,"个",120,480,"济宁市德水水处理设备有限公司",null,"周彬","甘星允"]
[null,"交换器单垫","590#软化水设备专用",10,"个",50,500,"济宁市德水水处理设备有限公司",null,"周彬","甘星允"]
[null,"交换器法兰","590#软化水设备专用",2,"个",300,600,"济宁市德水水处理设备有限公司",null,"周彬","甘星允"]
["WIN008182","棉滤芯","40寸",50,"个",16,800,"济宁市德水水处理设备有限公司",null,"周彬","甘星允"]
["WIN008183","合模螺丝","20*125",5000,"套",3.9,19500,"靖江市百佳机械配件有限公司",null,"张传朋","甘星允"]
[null,"张拉螺丝","M27*60",15,"袋",340,5100,"靖江市百佳机械配件有限公司",null,"张传朋","甘星允"]
[null,"销轴","M16*70",2000,"个",0.85,1700,"靖江市百佳机械配件有限公司",null,"张传朋","甘星允"]
["WIN008184","氧气",null,8,"瓶",30,240,"巨野县巨泰气体二站",18765016777,"张传朋","甘星允"]
[null,"乙炔",null,6,"瓶",65,390,"巨野县巨泰气体二站",18765016777,"张传朋","甘星允"]
["WIN008185","时间继电器","JS14P-99S",4,"个",23,92,"巨野正泰电器有限公司",null,"张传朋","甘星允"]
[null,"电笔",null,2,"个",15,30,"巨野正泰电器有限公司",null,"张传朋","甘星允"]
[{"$nulls":6},0]
[{"$nulls":6},0]
[{"$nulls":6},0]
[{"$nulls":6},0]
[{"$nulls":6},0]
[{"$nulls":6},0]
[{"$nulls":6},0]
[{"$nulls":6},0]
[{"$nulls":6},0]
[{"$nulls":6},0]
[{"$nulls":6},0]
[{"$nulls":6},0]
[{"$nulls":6},0]
[{"$nulls":6},0]
[{"$nulls":6},0]
[{"$nulls":6},0]
[{"$nulls":6},0]
[{"$nulls":6},0]
[{"$nulls":6},0]
[{"$nulls":6},0]
[{"$nulls":6},0]
[{"$nulls":6},0]
[{"$nulls":6},0]
[{"$nulls":6},0]
[{"$nulls":6},0]
[{"$nulls":6},0]
[{"$nulls":6},0]
[{"$nulls":6},0]
[{"$nulls":6},0]
[{"$nulls":6},0]
[{"$nulls":6},0]
[{"$nulls":6},0]
[{"$nulls":6},0]
[{"$nulls":6},0]
[{"$nulls":6},0]
[{"$nulls":6},0]
[{"$nulls":6},0]
[{"$nulls":6},0]